Zhodnotenie účinnosti hlavných smerov vedeckotechnického rozvoja v n.p. Doprastav Bratislava záverečná práca postgraduálneho štúdia

Uložené v:
Podrobná bibliografia
Hlavný autor: Berešík, Viliam
Korporativný autor: Vysoká škola ekonomická v Bratislave
Ďalší autori: Urbánek, Karol
Médium: Kniha
Jazyk:Slovak
Vydavateľské údaje: Bratislava 1987
Tagy: Pridať tag
Žiadne tagy, Buďte prvý, kto otaguje tento záznam!

MARC

LEADER 00000nam a2200000 4500
001 c024337
005 20221219095533.9
041 0 |a slo 
044 |a SK 
245 1 0 |a Zhodnotenie účinnosti hlavných smerov vedeckotechnického rozvoja v n.p. Doprastav Bratislava  |b záverečná práca postgraduálneho štúdia  |c Viliam Berešík ; Ved. práce Karol Urbánek 
264 1 |a Bratislava  |c 1987 
300 |a 38 s. 
100 1 |a Berešík, Viliam 
700 1 |a Urbánek, Karol 
710 2 |a Vysoká škola ekonomická v Bratislave